[Event "AUTO-ELITE-2191"]
[Site "http://www.queenalice.com/game.php?id=1596603"]
[Date "2020.1.18"]
[Round "1"]
[White "manasses"]
[Black "E5150"]
[Result "0-1"]
[WhiteElo "2192"]
[BlackElo "2475"]

1. d4 Nf6 2. c4 e6 3. Nc3 Bb4 4. e3 O-O 5. Bd3 b6 6. Nf3 Bb7 7. O-O Bxc3 8. bxc3
Re8 9. Re1 Be4 10. Ng5 Bxd3 11. Qxd3 h6 12. Nf3 d6 13. e4 Nc6 14. Bf4 e5 15. Bd2
Qd7 16. h3 Rad8 17. d5 Na5 18. Nh4 Kh7 19. Nf5 Ng8 20. Ne3 Qa4 21. Nf5 Nxc4 22.
Qg3 g6 23. Bg5 hxg5 24. Qxg5 gxf5 25. exf5 Nb2 26. f3 Qf4 27. Qh5+ Nh6 28. Re4
Qxf5 29. Qh4 Rg8 30. Rg4 Nd3 31. Rd1 Nf4 32. Re1 Qc2 33. Qg3 f5 0-1

[Event "Let's Play Chess!"]
[Site "http://www.queenalice.com/game.php?id=1596793"]
[Date "2020.1.20"]
[Round "-"]
[White "colatina"]
[Black "E5150"]
[Result "0-1"]
[WhiteElo "1820"]
[BlackElo "2470"]

1. e4 c5 2. Nf3 e6 3. d4 cxd4 4. Nxd4 Nc6 5. Nxc6 bxc6 6. Bd3 Nf6 7. e5 Qa5+ 8.
Qd2 Qxe5+ 9. Qe2 Qxe2+ 10. Bxe2 d5 11. Bg5 e5 12. Bxf6 gxf6 13. Nc3 f5 14. O-O-O
Be6 15. Ba6 Rb8 16. Rhe1 Rg8 17. g3 e4 18. a3 Bh6+ 19. Kb1 f4 20. Ne2 Rb6 21.
gxf4 Rxa6 22. Rg1 Rg4 23. h3 Rxg1 24. Rxg1 Ke7 25. h4 c5 26. Rg8 d4 27. Rc8 Bxc8
0-1

[Event "Challenge"]
[Site "http://www.queenalice.com/game.php?id=1597178"]
[Date "2020.1.23"]
[Round "-"]
[White "colatina"]
[Black "E5150"]
[Result "0-1"]
[WhiteElo "1816"]
[BlackElo "2476"]

1. e4 e6 2. d4 d5 3. exd5 exd5 4. Nf3 Bd6 5. Bg5 Nf6 6. Bb5+ c6 7. Bd3 h6 8. Bh4
O-O 9. Nc3 Re8+ 10. Ne2 Bg4 11. Bg3 Bxg3 12. hxg3 Re7 13. Ne5 Bxe2 14. Kxe2 c5
15. f4 Nc6 16. c3 cxd4 17. Kd2 dxc3+ 18. Kxc3 Rc8 19. Kd2 Nxe5 20. fxe5 Rxe5 21.
g4 Qa5+ 0-1

[Event "AUTO-OPEN-4099"]
[Site "http://www.queenalice.com/game.php?id=1601301"]
[Date "2020.3.1"]
[Round "2"]
[White "E5150"]
[Black "Pin"]
[Result "0-1"]
[WhiteElo "2435"]
[BlackElo "1972"]

1. e4 c5 2. Nf3 d6 3. Nc3 Nf6 4. d4 cxd4 5. Qxd4 Nc6 6. Qd3 e6 7. Bf4 Be7 8.
O-O-O O-O 9. Bxd6 Bxd6 10. Qxd6 Qxd6 11. Rxd6 Ne7 12. Ne5 a6 13. Be2 b5 14. f3
Bb7 15. Rhd1 Ng6 0-1

[Event "AUTO-OPEN-4099"]
[Site "http://www.queenalice.com/game.php?id=1601302"]
[Date "2020.3.1"]
[Round "2"]
[White "Pin"]
[Black "E5150"]
[Result "0-1"]
[WhiteElo "1912"]
[BlackElo "2477"]

1. d4 Nf6 2. c4 e6 3. Nc3 Bb4 4. Qc2 O-O 5. Bg5 c5 6. e3 h6 7. Bh4 cxd4 8. exd4
Nc6 9. Nf3 g5 10. Bg3 g4 0-1

[Event "AUTO-OPEN-4099"]
[Site "http://www.queenalice.com/game.php?id=1601303"]
[Date "2020.3.1"]
[Round "2"]
[White "E5150"]
[Black "josebaron"]
[Result "1-0"]
[WhiteElo "2476"]
[BlackElo "2064"]

1. e4 e5 2. d4 exd4 3. Qxd4 Nc6 4. Qd3 d6 5. Nc3 Nf6 6. Be3 Be7 7. O-O-O Ne5 8.
Qe2 c5 9. f4 Ned7 10. e5 dxe5 11. fxe5 Ng8 12. Qg4 Bf8 13. Bc4 Ne7 14. e6 fxe6
15. Qxe6 1-0

[Event "AUTO-OPEN-4099"]
[Site "http://www.queenalice.com/game.php?id=1601304"]
[Date "2020.3.1"]
[Round "2"]
[White "josebaron"]
[Black "E5150"]
[Result "0-1"]
[WhiteElo "2185"]
[BlackElo "2472"]

1. e4 c5 2. Bc4 e6 3. Nc3 a6 4. a4 Nc6 5. Nf3 Nf6 6. O-O d5 7. exd5 exd5 8. Be2
d4 9. Nb1 Bd6 10. d3 h6 11. c4 O-O 12. Nbd2 Re8 13. Re1 b6 14. h3 Nb4 15. Nb3
Bf5 16. Nh2 Nxd3 17. Bxd3 Rxe1+ 18. Qxe1 Bxd3 19. Nd2 Qd7 20. b3 Re8 21. Qd1 Be2
22. Qc2 d3 23. Qb1 Nh5 24. Ndf3 Bxh2+ 25. Nxh2 d2 26. Bxd2 Qxd2 0-1

[Event "AUTO-ELITE-2177"]
[Site "http://www.queenalice.com/game.php?id=1602923"]
[Date "2020.3.17"]
[Round "2"]
[White "Alsina"]
[Black "E5150"]
[Result "1-0"]
[WhiteElo "2650"]
[BlackElo "2439"]

1. d4 e6 2. e4 d5 3. Nc3 Nf6 4. Bg5 Bb4 5. Ne2 dxe4 6. a3 Be7 7. Bxf6 gxf6 8.
Nxe4 f5 9. N4c3 Qd6 10. g3 Qb6 11. b4 a5 12. b5 Nd7 13. Bg2 O-O 14. O-O a4 15.
Qd3 Rd8 16. Qc4 Qa5 17. Rfb1 c5 18. bxc6 bxc6 19. Bxc6 Ba6 20. Bb5 Rdc8 21. Qd3
Nf6 22. Rb2 Rcb8 23. f3 1-0

[Event "AUTO-ELITE-2177"]
[Site "http://www.queenalice.com/game.php?id=1602924"]
[Date "2020.3.17"]
[Round "2"]
[White "E5150"]
[Black "Alsina"]
[Result "0-1"]
[WhiteElo "2473"]
[BlackElo "2645"]

1. e4 c5 2. Nf3 d6 3. Bc4 Nf6 4. Nc3 Nc6 5. d4 cxd4 6. Nxd4 e6 7. Be3 a6 8. Bb3
Na5 9. O-O Be7 10. f4 Qc7 11. Qf3 O-O 12. g4 Nc4 13. Bxc4 Qxc4 14. g5 Nd7 15.
Rad1 b5 16. e5 dxe5 17. Qxa8 exd4 18. Rxd4 Qc7 19. Qg2 Nb6 20. Qg3 Nc4 21. Ne4
Qc6 22. b3 Nxe3 0-1

[Event "AUTO-ELITE-2177"]
[Site "http://www.queenalice.com/game.php?id=1602925"]
[Date "2020.3.17"]
[Round "2"]
[White "Sexxy_Bunny"]
[Black "E5150"]
[Result "1-0"]
[WhiteElo "2744"]
[BlackElo "2476"]

1. e4 c5 2. Nf3 Nc6 3. d4 cxd4 4. Nxd4 e5 5. Nb5 Nf6 6. N1c3 d6 7. Bg5 a6 8. Na3
Be7 9. Nc4 Nd4 10. Bxf6 Bxf6 11. Nd5 Rb8 12. c3 b5 13. Ncb6 Rxb6 14. Nxb6 Qxb6
15. cxd4 d5 16. exd5 e4 17. Be2 Bxd4 18. O-O O-O 19. Qc2 Bd7 20. Qxe4 Bxb2 21.
Rab1 Ba3 22. Qf3 Bc5 23. a4 b4 24. a5 Qxa5 25. Ra1 Qc7 26. Rxa6 Re8 27. g3 Bf8
28. Rd1 b3 29. d6 Qc5 30. Bd3 Rb8 31. Be4 b2 32. Bd5 Be6 33. Bxe6 1-0

[Event "AUTO-ELITE-2177"]
[Site "http://www.queenalice.com/game.php?id=1602926"]
[Date "2020.3.17"]
[Round "2"]
[White "E5150"]
[Black "Sexxy_Bunny"]
[Result "0-1"]
[WhiteElo "2479"]
[BlackElo "2741"]

1. e4 e6 2. d4 d5 3. Nc3 Nf6 4. Bg5 Be7 5. e5 Nfd7 6. Bxe7 Qxe7 7. f4 a6 8. Qg4
O-O 9. Nf3 c5 10. Bd3 f5 11. Qg5 Qxg5 12. Nxg5 cxd4 13. Ne2 Nc5 14. O-O-O Bd7
15. Nxd4 Nc6 16. Ngf3 Be8 17. Rd2 Rb8 18. c3 Nd8 19. Kc2 Bh5 20. Rg1 Bxf3 21.
Nxf3 Nc6 22. a3 h6 23. h4 Ne4 24. Re2 b5 25. Ree1 Rfc8 26. Kb1 a5 27. Rc1 Rd8
28. g3 d4 29. Bxe4 fxe4 30. Nxd4 Nxd4 31. cxd4 Rxd4 0-1